000
00335nam a2200145Ia 4500
008
150301s2014 xx 000 0 und d
082
_a
611
_b
H14C
100
_a
CHAURASIA, B.D.
245
_a
HH. OF GENERAL ANATOMY
250
_a
4TH
260
_b
CBS
_a
DELHI
_c
2014
300
_a
262
650
_a
HUMAN ANATOMY
942
_2
ddc
_c
BK
_0
505
999
_c
6629
_d
6629